LIBRARY ONLINE CATALOGUE

History and archaeology in Africa / (Record no. 13521)

MARC details
000 -LEADER
fixed length control field 00766nam a22002172 4500
001 - CONTROL NUMBER
control field 0000012829
005 - DATE AND TIME OF LATEST TRANSACTION
control field 20151217155852.0
008 - FIXED-LENGTH DATA ELEMENTS--GENERAL INFORMATION
fixed length control field 090322s xx 000 0 eng d
040 ## - CATALOGING SOURCE
Original cataloging agency KABU
Transcribing agency KABU
111 2# - MAIN ENTRY--MEETING NAME
Meeting name or jurisdiction name as entry element Onference on history and archaeology in Africa
Location of meeting University of London :
Date of meeting 1957, July 16th - 18th :
Number of part/section/meeting 2nd.
-- 0000169780
245 10 - TITLE STATEMENT
Title History and archaeology in Africa /
Statement of responsibility, etc. edited by D. H. Jones.
250 ## - EDITION STATEMENT
Edition statement 1st ed.
260 ## - PUBLICATION, DISTRIBUTION, ETC. (IMPRINT)
Place of publication, distribution, etc. London :
Name of publisher, distributor, etc. U. O. London,
Date of publication, distribution, etc. 1959.
300 ## - PHYSICAL DESCRIPTION
Extent 58 p.
650 #0 - SUBJECT ADDED ENTRY--TOPICAL TERM
Topical term or geographic name as entry element History
General subdivision Research
Geographic subdivision Africa.
-- 0000169781
651 #0 - SUBJECT ADDED ENTRY--GEOGRAPHIC NAME
Geographic name Africa, Sub-Saharan
General subdivision Historiography.
-- 0000169782
700 1# - ADDED ENTRY--PERSONAL NAME
Personal name Jones, D. H.
-- 0000169783
852 1# - LOCATION
-- p500 KES
908 ## - PUT COMMAND PARAMETER (RLIN)
Put command parameter 090322
950 ## - LOCAL HOLDINGS (RLIN)
-- 1
Holdings
Withdrawn status Lost status Source of classification or shelving scheme Not for loan Home library Current library Date acquired Total Checkouts Full call number Barcode Date last seen Price effective from Koha item type
    Library of Congress Classification   Kabarak, Main Campus Kabarak, Main Campus 17/12/2015   DT349 .C66 1959 c. 1 15865 17/12/2015 17/12/2015 Africana Collection